All 1M+ Cities in Mexico - Statistics

General Stats
  • This quiz has been taken 159 times
  • The average score is 11 of 15
Answer Stats
State Population (Millions) City Name % Correct
Distrito Federal 22.8 Mexico City
100%
Jalisco 5.3 Guadalajara
94%
Nuevo Leon 4.9 Monterrey
89%
Puebla 3.1 Puebla
87%
Baja California 2 Tijuana
84%
Yucatan 1.13 Merida
71%
San Luis Potosi 1.21 San Luis Potosi
71%
Aguascalientes 1.14 Aguascalientes
69%
Queretaro 1.4 Queretaro
68%
Baja California 1.04 Mexicali
65%
Mexico 2.3 Toluca
63%
Chihuahua 1.48 Juarez
61%
Guanajuato 1.9 Leon
59%
Coahuila 1.35 Torreon
52%
Morelos 1.04 Cuernavaca
43%
No matching quizzes found
Score Distribution
Percent of People with Each Score
Percentile by Number Answered
Your Score History
You have not taken this quiz